NBA Superfan Quiz - Statistics

General Stats
  • This quiz has been taken 69 times
  • The average score is 5 of 12
Answer Stats
Hint Answer % Correct
Which player is the oldest current player in the league as of 2021? Udonis Haslem
78%
Which player lead the league in assists per game in the 2019-2020 season? Lebron James
75%
This NBA player needed his parents to co-sign his contract because he was only 17 when he was drafted. Kobe Bryant
73%
Who invented basketball? James Naismith
51%
Which NBA commissioner served the longest time as commissioner for the League and sadly passed away in 2020? David Stern
49%
Which year was the first year that an Allstar game was played. 1951
36%
Who is the NBA championship trophy named after? Larry O'Brien
36%
Which NBA player played the most games in league history with 1,611 games played? Robert Parish
36%
What is the oldest team in the NBA, in 1923 known as the Rochester Seagrams. Sacramento Kings
25%
This player scored the most points in his first three games are which is the most by any NBA player since the NBA and ABA merged in 1976. Jeremy Lin
20%
Behind Lebron James, this retired NBA player has the second highest career earnings in salary. Kevin Garnett
19%
In 1999, this NBA player applied for a part-time job at Circuit City during his season with the Bulls just to get an employee discount there. Ron Artest
17%
No matching quizzes found
Score Distribution
Percent of People with Each Score
Percentile by Number Answered
Your Score History
You have not taken this quiz